=LDR 00000nam 2200000 4500 =001 INLIS000000000027340 =005 20130612125725 =008 ***********************************Ind** =035 ##$$0010-061300000027340 =041 ##$$a Ind =082 ##$$a 633.88 =090 ##$$a 633.88, Win m =100 ##$$a Winarto,WP =245 ##$$a Memanfaatkan bumbu dapur untuk mengatasi aneka penyakit, W.P Winarto =260 ##$$a 2003 $b Jakarta =300 ##$$a viii,96 hlm, ilus, 22 cm =650 ##$$a Tanaman obat =850 ##$$a NBPNMAT